000 00663nam a2200289Ia 4500
005 20260324135853.0
008 008 260324s9999 xx 000 0 eng d
020 _a9781315784519
037 _aEBOOK
040 _aCRL
040 _beng
040 _cCRL
041 _2eng
041 _aeng
084 _qCRL
100 _aKalman J. Kaplan
_91202228
245 0 _aTilt
245 0 _bTeaching Individuals To Live Together
260 _bTaylor and Francis
260 _c1999
365 _a
365 _b160
856 _uhttp://www.taylorfrancis.com/books/9781315784519
942 _cEBOOK
999 _c1803748
_d1803748